| 000 | 00638nam a2200229Ia 4500 | ||
|---|---|---|---|
| 003 | OSt | ||
| 005 | 20221005093541.0 | ||
| 006 | a|||||r|||| 00| 0 | ||
| 007 | ta | ||
| 008 | 221004b |||||||| |||| 00| 0 eng d | ||
| 024 | _a26274 | ||
| 037 | _cTextual | ||
| 040 |
_aCRL _cCRL _beng |
||
| 041 |
_2eng _aeng |
||
| 082 | _aV654,63.N53t, J4 | ||
| 245 | 0 |
_aLand Department of the Western region of Nigeria _b Annual report 1952-53 |
|
| 260 |
_aNigeria _bGovt. Printer _c1954 |
||
| 300 |
_a8p. _ccm. |
||
| 650 |
_aNIGERIA - HISTORY _927186 |
||
| 942 |
_hV654,63.N53t, J4 _cTEXL _2cc |
||
| 999 |
_c1000591 _d1000591 |
||